[Event "Teplice Open"]
[Site "Teplice CZE"]
[Date "2011.06.13"]
[Round "3"]
[White "Collins, Sam"]
[Black "Kantorik, Marian"]
[Result "1-0"]
[WhiteTitle "IM"]
[BlackTitle "IM"]
[WhiteElo "2448"]
[BlackElo "2312"]
[Plycount "95"]
[WhiteFideId "2501198"]
[BlackFideId "14900513"]
[EventDate "2011.06.11"]
[Source "TWIC 866"]

1. e4 c6 2. d4 d5 3. exd5 cxd5 4. c4 Nf6 5. Nc3 Nc6 6. Bg5 e6 7. Nf3 Be7 8. c5
O-O 9. Bb5 Ne4 10. Bxe7 Nxe7 11. Rc1 b6 12. Bd3 bxc5 13. Nxe4 dxe4 14. Bxe4 Rb8
15. Rxc5 Nd5 16. b3 Ba6 17. Bd3 Bxd3 18. Qxd3 a5 19. O-O a4 20. bxa4 Rb4 21. Qa3
Qa8 22. a5 Rfb8 23. g3 Qa6 24. Kg2 h6 25. Rfc1 Qe2 26. R5c2 Qb5 27. Rc5 Qe2 28.
R1c2 Qa6 29. Ne5 Rb1 30. Qd3 Qa8 31. Qf3 f6 32. Nc6 Re8 33. a3 Kh8 34. h4 Rc8
35. Kh2 Re8 36. Qd3 Ra1 37. a6 Rb1 38. f3 Rb6 39. a7 Rc8 40. Nb8 Rxc5 41. Rxc5
f5 42. Nd7 Rb2+ 43. Rc2 Rb7 44. Qa6 Nc7 45. Qd6 Qxa7 46. h5 Qa5 47. Qf8+ Kh7 48.
Qd8 1-0

[Event "Teplice Open"]
[Site "Teplice CZE"]
[Date "2011.06.15"]
[Round "5"]
[White "Collins, Sam"]
[Black "Womacka, Mathias"]
[Result "1/2-1/2"]
[WhiteTitle "IM"]
[BlackTitle "GM"]
[WhiteElo "2448"]
[BlackElo "2455"]
[Plycount "56"]
[WhiteFideId "2501198"]
[BlackFideId "4611390"]
[EventDate "2011.06.11"]
[Source "TWIC 867"]

1. e4 c5 2. Nf3 d6 3. d4 cxd4 4. Nxd4 Nf6 5. f3 e6 6. c4 Be7 7. Nc3 O-O 8. Be2
Nbd7 9. O-O d5 10. cxd5 exd5 11. Nf5 Bc5+ 12. Kh1 Nb6 13. Ng3 dxe4 14. Ngxe4
Nxe4 15. Nxe4 Be7 16. Be3 Be6 17. Bd4 Qd5 18. Qd3 Rfd8 19. Rfd1 Qf5 20. b3 Nd5
21. Qb5 Nf4 22. Qxf5 Bxf5 23. Bc4 Be6 24. Bf1 b6 25. Ba6 Nd5 26. Bc4 Nf4 27. Ba6
Nd5 28. Bc4 Nf4 1/2-1/2

[Event "Teplice Open"]
[Site "Teplice CZE"]
[Date "2011.06.16"]
[Round "6"]
[White "Cernousek, Lukas"]
[Black "Collins, Sam"]
[Result "1-0"]
[WhiteTitle "IM"]
[BlackTitle "IM"]
[WhiteElo "2418"]
[BlackElo "2448"]
[Plycount "95"]
[WhiteFideId "311707"]
[BlackFideId "2501198"]
[EventDate "2011.06.11"]
[Source "TWIC 867"]

1. d4 d5 2. c4 e6 3. Nf3 c5 4. cxd5 exd5 5. g3 Nc6 6. Bg2 Nf6 7. O-O Be7 8. Nc3
O-O 9. dxc5 d4 10. Na4 Bf5 11. Bf4 Be4 12. Rc1 Re8 13. Qb3 Na5 14. Qb4 Nc6 15.
Qxb7 Qd5 16. Rfd1 Qxa2 17. Ra1 Qc4 18. b3 Qd5 19. Nc3 Qxc5 20. Nxe4 Nxe4 21. b4
Qb6 22. Qxb6 axb6 23. Rxa8 Rxa8 24. Ne5 Nxe5 25. Bxe4 Re8 26. Bxe5 Bxb4 27. f4
f6 28. Bd5+ Kh8 29. Bxd4 Rxe2 30. Bxb6 Re1+ 31. Rxe1 Bxe1 32. Bd4 Bb4 33. h4 Be1
34. Kg2 h6 35. Kf3 Kh7 36. Bf2 Bb4 37. Kg4 Be7 38. Be4+ Kg8 39. Kh5 Bb4 40. Kg6
Bd6 41. Bd5+ Kf8 42. h5 Bb4 43. Be3 Bd6 44. g4 Be7 45. Be6 Bd6 46. f5 Be7 47.
Bxh6 gxh6 48. Kxh6 1-0

[Event "Teplice Open"]
[Site "Teplice CZE"]
[Date "2011.06.17"]
[Round "7"]
[White "Collins, Sam"]
[Black "Kratochvil, Karel"]
[Result "1-0"]
[WhiteTitle "IM"]
[WhiteElo "2448"]
[BlackElo "2275"]
[Plycount "101"]
[WhiteFideId "2501198"]
[BlackFideId "325546"]
[EventDate "2011.06.11"]
[Source "TWIC 867"]

1. c4 Nf6 2. g3 d5 3. cxd5 Nxd5 4. Bg2 g6 5. Nc3 Nb6 6. Nf3 Bg7 7. O-O O-O 8. d3
c6 9. Bd2 Na6 10. a4 Nd5 11. a5 Nab4 12. Ne4 Na6 13. Qc1 f5 14. Nc5 Nxc5 15.
Qxc5 a6 16. Qc4 Kh8 17. e4 Nc7 18. Ng5 Bxb2 19. exf5 Bxf5 20. Rab1 Bf6 21. Rxb7
Bxd3 22. Qh4 h5 23. Rc1 Bf5 24. Qb4 Nb5 25. h4 Rb8 26. Rxb8 Qxb8 27. Rxc6 Qa7
28. Be3 Qd7 29. Rxa6 Nd4 30. Rxf6 Ne2+ 31. Kh2 Rxf6 32. Bf3 Bg4 33. Bxe2 Bxe2
34. Bd4 Kg7 35. Qb6 Bb5 36. Qc5 Ba6 37. Bxf6+ exf6 38. Qc7 Bc8 39. Ne6+ Kf7 40.
Qxd7+ Bxd7 41. Nc7 Bc6 42. a6 Ke7 43. a7 Kd6 44. a8=Q Bxa8 45. Nxa8 Kc6 46. g4
hxg4 47. Kg3 f5 48. Kf4 Kd5 49. Nc7+ Kd4 50. Ne6+ Kd3 51. Kg3 1-0

[Event "Teplice Open"]
[Site "Teplice CZE"]
[Date "2011.06.18"]
[Round "8"]
[White "Adamek, Jiri"]
[Black "Collins, Sam"]
[Result "1/2-1/2"]
[BlackTitle "IM"]
[WhiteElo "2275"]
[BlackElo "2448"]
[Plycount "71"]
[WhiteFideId "315702"]
[BlackFideId "2501198"]
[EventDate "2011.06.11"]
[Source "TWIC 867"]

1. d4 Nf6 2. c4 e6 3. Nc3 d5 4. Bg5 Be7 5. e3 h6 6. Bh4 O-O 7. Nf3 b6 8. cxd5
Nxd5 9. Bxe7 Qxe7 10. Nxd5 exd5 11. Rc1 Be6 12. Be2 c5 13. dxc5 bxc5 14. O-O Rc8
15. Qa4 a5 16. Rc3 Nd7 17. Rfc1 Nf6 18. Qa3 Ne4 19. R3c2 Qb7 20. Bd3 Qb4 21.
Bxe4 Qxe4 22. b3 d4 23. exd4 cxd4 24. Rxc8+ Rxc8 25. Rxc8+ Bxc8 26. Qxa5 Bb7 27.
Qd2 Qb1+ 28. Ne1 Qa1 29. h3 Be4 30. f3 Bb1 31. Kf2 Bxa2 32. Nc2 Qb2 33. Ke1 Qb1+
34. Kf2 Qb2 35. Ke1 Qb1+ 36. Kf2 1/2-1/2

[Event "Teplice Open"]
[Site "Teplice CZE"]
[Date "2011.06.19"]
[Round "9"]
[White "Collins, Sam"]
[Black "Vavra, Pavel"]
[Result "0-1"]
[WhiteTitle "IM"]
[BlackTitle "IM"]
[WhiteElo "2448"]
[BlackElo "2363"]
[Plycount "104"]
[WhiteFideId "2501198"]
[BlackFideId "301841"]
[EventDate "2011.06.11"]
[Source "TWIC 867"]

1. d4 e6 2. Nf3 f5 3. g3 b5 4. d5 Bb7 5. dxe6 dxe6 6. Qxd8+ Kxd8 7. Nc3 b4 8.
Bg5+ Nf6 9. O-O-O+ Bd6 10. Nb5 Ke7 11. Bh3 Nd7 12. Rhe1 h6 13. Nxd6 cxd6 14. Bd2
a5 15. Nd4 g6 16. f3 e5 17. Nb3 Rhc8 18. Kb1 Nb6 19. Bf1 Rc7 20. Bxh6 a4 21. Nc1
a3 22. b3 Nbd5 23. Bd2 e4 24. e3 exf3 25. Bc4 Nc3+ 26. Bxc3 bxc3 27. Nd3 Ne4 28.
Kc1 Rh8 29. h4 Nd2 30. Rxd2 cxd2+ 31. Kxd2 g5 32. Rh1 Be4 33. Nb4 Rc5 34. Bd3 d5
35. c3 Kd6 36. Nc2 gxh4 37. gxh4 Rg8 38. Bf1 Rgc8 39. Nd4 Ke5 40. Ba6 R8c7 41.
h5 Rxc3 42. h6 Rc2+ 43. Nxc2 Rxc2+ 44. Kd1 Rxa2 45. Rh5 Ra1+ 46. Kd2 a2 47. h7
Rd1+ 48. Kc3 a1=Q+ 49. Kb4 Kd6 50. Rh6+ Ke7 51. h8=Q Qxh8 52. Rxh8 f2 0-1

[Event "e2e4 Gatwick Open"]
[Site "London ENG"]
[Date "2011.06.18"]
[Round "2"]
[White "Hegarty, Sarah N."]
[Black "Wadsworth, Matthew J"]
[Result "0-1"]
[WhiteTitle "WFM"]
[WhiteElo "2108"]
[BlackElo "1944"]
[Plycount "58"]
[WhiteFideId "2501465"]
[BlackFideId "415804"]
[EventDate "2011.06.17"]
[Source "TWIC 868"]

1. e4 Nf6 2. e5 Nd5 3. d4 d6 4. c4 Nb6 5. f4 Bf5 6. Nc3 dxe5 7. fxe5 e6 8. Nf3
Bb4 9. Bd3 Bxd3 10. Qxd3 c5 11. O-O cxd4 12. Ne4 Nc6 13. Bg5 Qc7 14. a3 Bf8 15.
Rae1 Nd7 16. Bf4 a5 17. Nfg5 h6 18. Nd6+ Bxd6 19. exd6 Qb6 20. Rxe6+ Kf8 21.
Nxf7 Kxf7 22. Qg6+ Kg8 23. Bxh6 Rxh6 24. Qf7+ Kh7 25. Rxh6+ Kxh6 26. Qxd7 d3+
27. Kh1 Qe3 28. Qxb7 Rf8 29. Rg1 d2 0-1

[Event "e2e4 Gatwick Open"]
[Site "London ENG"]
[Date "2011.06.18"]
[Round "3"]
[White "Allen, Keith"]
[Black "Wells, Peter K"]
[Result "0-1"]
[BlackTitle "GM"]
[WhiteElo "2204"]
[BlackElo "2501"]
[Plycount "106"]
[WhiteFideId "2501147"]
[BlackFideId "400327"]
[EventDate "2011.06.17"]
[Source "TWIC 868"]

1. d4 Nf6 2. c4 e6 3. Nc3 Bb4 4. Qc2 O-O 5. a3 Bxc3+ 6. Qxc3 Ne4 7. Qc2 f5 8. g3
b6 9. Bg2 Bb7 10. Nf3 Nf6 11. O-O Be4 12. Qc3 a5 13. b4 d6 14. Bb2 Qe8 15. Nd2
Bxg2 16. Kxg2 Ne4 17. Nxe4 fxe4 18. f3 Qg6 19. Qe3 exf3+ 20. Rxf3 Nd7 21. Raf1
Rxf3 22. Rxf3 axb4 23. axb4 h6 24. Qd3 Qxd3 25. Rxd3 Ra2 26. Rd2 Nf6 27. Kf3 d5
28. c5 b5 29. Bc3 Ra3 30. Rd3 Ne4 31. Bb2 Ra2 32. Bc1 Ra1 33. Be3 g5 34. g4 Kf7
35. Rb3 Ke7 36. Kg2 Ra2 37. Kf3 Kd7 38. Bc1 Rc2 39. Be3 Rc4 40. h4 Rc2 41. hxg5
hxg5 42. Ra3 Rb2 43. Ra8 Rxb4 44. Rg8 Rb3 45. Rg7+ Kd8 46. Rg8+ Kd7 47. Rg7+ Kc6
48. Rg6 Nxc5 49. dxc5 d4 50. Rxe6+ Kd5 51. Rg6 Rxe3+ 52. Kf2 Re5 53. c6 b4 0-1

[Event "e2e4 Gatwick Open"]
[Site "London ENG"]
[Date "2011.06.18"]
[Round "3"]
[White "Hickman, John E"]
[Black "Hegarty, Sarah N."]
[Result "1-0"]
[BlackTitle "WFM"]
[WhiteElo "2007"]
[BlackElo "2108"]
[Plycount "81"]
[WhiteFideId "408565"]
[BlackFideId "2501465"]
[EventDate "2011.06.17"]
[Source "TWIC 868"]

1. Nf3 Nf6 2. g3 g6 3. Bg2 d5 4. O-O Bg7 5. d3 O-O 6. Nbd2 c5 7. e4 Nc6 8. Re1
d4 9. a4 e5 10. Nc4 Nd7 11. Bh3 Nb6 12. Bxc8 Rxc8 13. Nxb6 Qxb6 14. Nd2 Na5 15.
b3 f5 16. exf5 Rxf5 17. Ne4 Qe6 18. g4 Rff8 19. Bd2 Qb6 20. Qe2 Nc6 21. a5 Qd8
22. Nxc5 e4 23. Nxe4 Qh4 24. f4 Ne7 25. Rac1 Nd5 26. Nd6 Rcd8 27. Qe6+ Kh8 28.
Qxd5 Rxd6 29. Qg2 Rc6 30. Re4 Re8 31. Bb4 h6 32. Be7 g5 33. fxg5 hxg5 34. Qd2
Rg6 35. Qf2 Qh7 36. Qf5 Rg8 37. Rf1 Qh6 38. Rf3 b6 39. Kg2 Rc6 40. Rh3 Rxc2+ 41.
Kg3 1-0

[Event "e2e4 Gatwick Open"]
[Site "London ENG"]
[Date "2011.06.19"]
[Round "4"]
[White "Lock, Gavin R"]
[Black "Allen, Keith"]
[Result "1/2-1/2"]
[WhiteElo "2159"]
[BlackElo "2204"]
[Plycount "82"]
[WhiteFideId "408646"]
[BlackFideId "2501147"]
[EventDate "2011.06.17"]
[Source "TWIC 868"]

1. d4 d5 2. Nf3 Nf6 3. c4 c6 4. Nc3 e6 5. Bg5 h6 6. Bxf6 Qxf6 7. Qb3 Nd7 8. e4
dxe4 9. Nxe4 Qf4 10. Bd3 Be7 11. O-O O-O 12. Rfe1 b6 13. Rad1 Bb7 14. c5 Qc7 15.
Bb1 Rfe8 16. Qc2 Nf8 17. Ne5 b5 18. Qc3 Rad8 19. a4 bxa4 20. Bc2 Nd7 21. Nc4 Nf6
22. Ned6 Rf8 23. Ra1 Ba6 24. Rxa4 Bb5 25. Ra3 g6 26. Nxb5 cxb5 27. Ne5 b4 28.
Qxb4 Nd7 29. Nf3 Nb8 30. Qc4 Bf6 31. Be4 Rd7 32. b4 Rfd8 33. Rd1 a6 34. h4 Bg7
35. Bc2 Nc6 36. Rxa6 Nxd4 37. Nxd4 Rxd4 38. Rxd4 Rxd4 39. Qb3 Rxh4 40. g3 Rd4
41. Rb6 Qe5 1/2-1/2

[Event "e2e4 Gatwick Open"]
[Site "London ENG"]
[Date "2011.06.19"]
[Round "5"]
[White "Allen, Keith"]
[Black "Livner, Anders"]
[Result "0-1"]
[BlackTitle "FM"]
[WhiteElo "2204"]
[BlackElo "2364"]
[Plycount "76"]
[WhiteFideId "2501147"]
[BlackFideId "1704150"]
[EventDate "2011.06.17"]
[Source "TWIC 868"]

1. d4 d5 2. c4 c6 3. Nc3 Nf6 4. Nf3 dxc4 5. a4 e6 6. e3 c5 7. Bxc4 Nc6 8. O-O
cxd4 9. exd4 Be7 10. Qe2 O-O 11. Rd1 Nb4 12. Ne5 Bd7 13. d5 exd5 14. Nxd5 Nfxd5
15. Bxd5 Nxd5 16. Rxd5 Bg4 17. Rxd8 Bxe2 18. Rxa8 Rxa8 19. Be3 Rd8 20. f4 Rd1+
21. Rxd1 Bxd1 22. Bxa7 Bxa4 23. Kf2 f6 24. Nd3 Kf7 25. Nc5 Bc6 26. Bb6 h5 27. g3
g5 28. fxg5 fxg5 29. Ke3 Kf6 30. Nd3 Kf5 31. h3 Bd6 32. Kf2 Ke4 33. Ne1 g4 34.
hxg4 hxg4 35. Ba5 Bc5+ 36. Kg2 Ke3+ 37. Kh2 Ke2 38. Ng2 Kf1 0-1

[Event "e2e4 Gatwick Open"]
[Site "London ENG"]
[Date "2011.06.19"]
[Round "5"]
[White "Said, Oliver"]
[Black "Hegarty, Sarah N."]
[Result "1-0"]
[BlackTitle "WFM"]
[WhiteElo "1874"]
[BlackElo "2108"]
[Plycount "85"]
[WhiteFideId "5600405"]
[BlackFideId "2501465"]
[EventDate "2011.06.17"]
[Source "TWIC 868"]

1. e4 c5 2. Nf3 Nc6 3. d4 cxd4 4. Nxd4 g6 5. Nc3 Bg7 6. Be3 Nf6 7. Bc4 O-O 8.
Bb3 a5 9. f3 d5 10. Bxd5 Nxd5 11. Nxd5 f5 12. Nxc6 bxc6 13. Nb6 Rb8 14. Qxd8
Rxd8 15. Rd1 Rxd1+ 16. Kxd1 fxe4 17. Nxc8 Rxc8 18. fxe4 Bxb2 19. Ke2 Be5 20. Bc5
Kf7 21. Rb1 Ke6 22. h3 Rb8 23. Rb6 Rxb6 24. Bxb6 a4 25. Kd3 Bd6 26. Bd4 Ba3 27.
Kc4 Kd6 28. Bc3 h5 29. Bb4+ Bxb4 30. Kxb4 Ke5 31. Kxa4 Kxe4 32. Kb3 Kd4 33. a4
Kc5 34. h4 Kb6 35. Kb4 Ka6 36. Kc5 e5 37. Kc4 Ka5 38. Kd3 Kxa4 39. Ke4 Kb4 40.
Kxe5 c5 41. Kd5 Kb5 42. c4+ Kb4 43. g3 1-0

[Event "86th ch-Paris IdF"]
[Site "Paris FRA"]
[Date "2011.07.02"]
[Round "1.10"]
[White "Griffiths, Ryan Rhys"]
[Black "Abergel, Thal"]
[Result "1-0"]
[BlackTitle "GM"]
[WhiteElo "2301"]
[BlackElo "2504"]
[Plycount "61"]
[WhiteFideId "2502054"]
[BlackFideId "614890"]
[EventDate "2011.07.02"]
[Source "TWIC 869"]

1. c4 e5 2. g3 Nc6 3. Nc3 Nf6 4. Bg2 Bc5 5. Nf3 d6 6. d3 h6 7. O-O a6 8. a3 O-O
9. b4 Ba7 10. Bb2 Be6 11. Rc1 Qd7 12. e3 Bh3 13. d4 Bxg2 14. Kxg2 exd4 15. exd4
Rae8 16. Qd3 d5 17. c5 Ne4 18. Rce1 Nxc3 19. Bxc3 Rxe1 20. Rxe1 Re8 21. Ra1 Bb8
22. b5 axb5 23. Qxb5 Ne5 24. Rb1 Nc6 25. Qxb7 Re6 26. Qa8 Rf6 27. Rxb8+ Nxb8 28.
Qxb8+ Kh7 29. Qb1+ g6 30. Ne5 Qa4 31. Bb4 1-0

[Event "86th ch-Paris IdF"]
[Site "Paris FRA"]
[Date "2011.07.04"]
[Round "3.6"]
[White "Felgaer, Ruben"]
[Black "Griffiths, Ryan Rhys"]
[Result "1/2-1/2"]
[WhiteTitle "GM"]
[WhiteElo "2573"]
[BlackElo "2301"]
[Plycount "200"]
[WhiteFideId "107069"]
[BlackFideId "2502054"]
[EventDate "2011.07.02"]
[Source "TWIC 870"]

1. e4 c6 2. Nc3 d5 3. Nf3 Bg4 4. h3 Bxf3 5. Qxf3 e6 6. d4 dxe4 7. Qxe4 Nf6 8.
Qd3 Bd6 9. g3 Nbd7 10. Bg2 Qc7 11. O-O O-O 12. b3 Rad8 13. Bb2 e5 14. Ne2 Rfe8
15. c4 exd4 16. Nxd4 Be5 17. Qc2 Qb6 18. Rad1 Nf8 19. c5 Qc7 20. b4 Ne6 21. Nf5
Bxb2 22. Qxb2 Rxd1 23. Rxd1 Rd8 24. Re1 a5 25. a3 axb4 26. axb4 Rd7 27. Qa2 Nd5
28. Bxd5 cxd5 29. Nd4 Qc8 30. Nxe6 Qe8 31. c6 bxc6 32. Rc1 fxe6 33. Rxc6 Qe7 34.
b5 Kf7 35. Qc2 d4 36. Qxh7 d3 37. Qh5+ g6 38. Qh7+ Kf6 39. Qxe7+ Kxe7 40. Rc1 g5
41. Kf1 d2 42. Rd1 Rb7 43. Rxd2 Rxb5 44. Rd4 Kf6 45. Kg2 e5 46. Rd6+ Kf7 47. Kf3
Rb4 48. Ra6 Rc4 49. Ra3 Kf6 50. Re3 Kf5 51. g4+ Kf6 52. Kg3 e4 53. h4 gxh4+ 54.
Kxh4 Kg6 55. Ra3 Rc2 56. Kg3 Kg5 57. Ra5+ Kf6 58. Rf5+ Kg6 59. Re5 Rc3+ 60. Kg2
Rc4 61. Kf1 Kf6 62. Rf5+ Ke6 63. Ke2 Rc3 64. Rf8 Ke5 65. Rf5+ Ke6 66. Kf1 Rc2
67. Rf8 Ke5 68. Rf5+ Ke6 69. Ra5 Rb2 70. Rc5 Ra2 71. Rb5 Rc2 72. Rb3 Ke5 73. Rg3
Kf6 74. Rg2 Rc1+ 75. Ke2 Kg5 76. Ke3 Re1+ 77. Kd2 Ra1 78. Rg3 Ra2+ 79. Ke1 Ra1+
80. Ke2 Ra2+ 81. Kf1 Ra1+ 82. Kg2 Ra2 83. Re3 Kxg4 84. Rxe4+ Kf5 85. Rh4 Kg5 86.
Rb4 Ra6 87. Kf3 Kg6 88. Rb7 Kf6 89. Kg4 Rc6 90. Rh7 Kg6 91. Rd7 Ra6 92. f4 Rb6
93. Rd5 Kf7 94. Kf5 Ra6 95. Rd7+ Kf8 96. Ke5 Rb6 97. Rd6 Rxd6 98. Kxd6 Kf7 99.
Ke5 Ke7 100. Kf5 Kf7 1/2-1/2

[Event "86th ch-Paris IdF"]
[Site "Paris FRA"]
[Date "2011.07.05"]
[Round "4.8"]
[White "Griffiths, Ryan Rhys"]
[Black "Sethuraman, S.P."]
[Result "0-1"]
[BlackTitle "GM"]
[WhiteElo "2301"]
[BlackElo "2529"]
[Plycount "70"]
[WhiteFideId "2502054"]
[BlackFideId "5021596"]
[EventDate "2011.07.02"]
[Source "TWIC 870"]

1. c4 Nf6 2. g3 c6 3. Bg2 d5 4. Nf3 dxc4 5. O-O Nbd7 6. Na3 Nb6 7. Qc2 Be6 8.
Ng5 Bg4 9. Re1 Qd4 10. Nf3 Bxf3 11. Bxf3 e5 12. e3 Qd3 13. Be2 Qxc2 14. Nxc2
Nfd5 15. b3 cxb3 16. axb3 Nb4 17. Nxb4 Bxb4 18. Rd1 f6 19. Bb2 Ke7 20. d4 e4 21.
f3 exf3 22. Bxf3 Rhd8 23. e4 a5 24. d5 cxd5 25. exd5 Kd6 26. g4 Re8 27. Bc1 g5
28. h4 h6 29. Kg2 Rac8 30. Ra2 Rc3 31. Rh1 Nd7 32. hxg5 hxg5 33. Be2 Rec8 34.
Ra1 Rc2 35. Kf2 Re8 0-1

[Event "86th ch-Paris IdF"]
[Site "Paris FRA"]
[Date "2011.07.06"]
[Round "5.12"]
[White "Bok, Benjamin"]
[Black "Griffiths, Ryan Rhys"]
[Result "1-0"]
[WhiteTitle "IM"]
[WhiteElo "2507"]
[BlackElo "2301"]
[Plycount "193"]
[WhiteFideId "1017063"]
[BlackFideId "2502054"]
[EventDate "2011.07.02"]
[Source "TWIC 870"]

1. e4 c5 2. Nf3 d6 3. d4 cxd4 4. Nxd4 Nf6 5. Nc3 a6 6. Bg5 e6 7. f4 h6 8. Bh4
Be7 9. Qf3 Nbd7 10. O-O-O Qc7 11. Be2 b5 12. Bxf6 Nxf6 13. e5 Bb7 14. Qg3 dxe5
15. fxe5 Nd5 16. Nxe6 fxe6 17. Qg6+ Kd7 18. Bg4 Qxe5 19. Nxd5 Qg5+ 20. Qxg5
Bxg5+ 21. Kb1 Bxd5 22. Rxd5+ Kc7 23. Re5 Rhe8 24. Rhe1 Rad8 25. Rxe6 Rxe6 26.
Rxe6 Rd6 27. Re8 Rd8 28. Re4 Rd2 29. Bf3 Bf6 30. a3 Rd4 31. Re3 Rd2 32. Re8 Rd8
33. Re2 a5 34. Ka2 b4 35. axb4 axb4 36. Kb3 Rd4 37. Re6 Kd7 38. Rb6 Be7 39. h3
Rf4 40. Rb7+ Kd8 41. Rb8+ Kc7 42. Rb7+ Kd8 43. Bg4 Re4 44. Rd7+ Ke8 45. Rc7 Bf6
46. Bf3 Re3+ 47. Kxb4 Kd8 48. Rc4 Bxb2 49. c3 Re7 50. Kb3 Bc1 51. Bg4 Rb7+ 52.
Kc2 Ba3 53. Rc8+ Ke7 54. Bf3 Rd7 55. Rg8 Kd6 56. c4 Bc5 57. Bd5 Re7 58. Kd3 Re3+
59. Kd2 Re7 60. Rd8+ Rd7 61. Rb8 Re7 62. Rb3 Bd4 63. Rd3 Kc5 64. Ra3 Bf2 65. Ra8
Bh4 66. Kd3 Bg3 67. Ra5+ Kd6 68. Bf3 Bf2 69. Ra6+ Ke5 70. Ra5+ Kd6 71. Ra6+ Ke5
72. Bd5 Bc5 73. Ra5 Kd6 74. Ra6+ Ke5 75. Rg6 Kf5 76. Rc6 Re3+ 77. Kd2 Bd4 78.
Rc7 Ra3 79. Rf7+ Bf6 80. Kc2 Rc3+ 81. Kd2 Ra3 82. Bf3 Ke6 83. Rc7 Bc3+ 84. Ke2
Bf6 85. c5 Be5 86. Rc8 Kd7 87. Bg4+ Ke7 88. Rc6 Bd4 89. Re6+ Kf7 90. c6 h5 91.
Bf5 Rc3 92. Kd2 h4 93. Rd6 Be5 94. Rd5 Bf6 95. Rd7+ Kf8 96. c7 Ke8 97. Rd8+ 1-0

[Event "86th ch-Paris IdF"]
[Site "Paris FRA"]
[Date "2011.07.07"]
[Round "6.19"]
[White "Griffiths, Ryan Rhys"]
[Black "Laurent, Julien G."]
[Result "1-0"]
[BlackTitle "FM"]
[WhiteElo "2301"]
[BlackElo "2331"]
[Plycount "137"]
[WhiteFideId "2502054"]
[BlackFideId "618500"]
[EventDate "2011.07.02"]
[Source "TWIC 870"]

1. c4 e5 2. g3 Nf6 3. Bg2 d5 4. cxd5 Nxd5 5. Nc3 Nb6 6. Nf3 Nc6 7. O-O Be7 8. a3
O-O 9. b4 f6 10. d3 Be6 11. Rb1 Nd4 12. Nd2 Nd5 13. Bb2 Nxc3 14. Bxc3 Bd5 15.
Bxd4 exd4 16. Bxd5+ Qxd5 17. Qb3 Rfd8 18. Rfc1 Rac8 19. Rc4 Kh8 20. Nf3 c5 21.
bxc5 Bxc5 22. Qxb7 Qe6 23. Qb2 h6 24. a4 Kh7 25. Kg2 Bb6 26. Rbc1 Rxc4 27. Rxc4
Qd5 28. Qb5 Qxb5 29. axb5 Rd5 30. Rb4 h5 31. h4 Kg6 32. Rb3 Kf5 33. Nd2 Re5 34.
Kf1 Ke6 35. Nc4 Rf5 36. Kg2 Rc5 37. Kf3 Rf5+ 38. Kg2 Rc5 39. Rb4 Kd5 40. Kf3 Rc7
41. e4+ dxe3 42. Nxb6+ axb6 43. fxe3 Rc5 44. Kf4 Rc1 45. Rd4+ Kc5 46. Rd7 Kxb5
47. Rxg7 Rf1+ 48. Ke4 Kc6 49. d4 b5 50. Rg8 f5+ 51. Ke5 Re1 52. d5+ Kb6 53. Rg6+
Kc7 54. Kd4 Rc1 55. Rf6 b4 56. Rxf5 b3 57. Rf2 Rc2 58. Rf1 b2 59. Rb1 Kd6 60. e4
Re2 61. e5+ Rxe5 62. Rxb2 Rxd5+ 63. Ke4 Ra5 64. Rb6+ Ke7 65. Rg6 Ra8 66. Rg5 Rh8
67. Kf5 Kf7 68. Rg6 Rh7 69. Ra6 1-0

[Event "86th ch-Paris IdF"]
[Site "Paris FRA"]
[Date "2011.07.08"]
[Round "7.13"]
[White "Roser, Kevin"]
[Black "Griffiths, Ryan Rhys"]
[Result "1-0"]
[WhiteTitle "IM"]
[WhiteElo "2446"]
[BlackElo "2301"]
[Plycount "83"]
[WhiteFideId "608688"]
[BlackFideId "2502054"]
[EventDate "2011.07.02"]
[Source "TWIC 870"]

1. e4 c6 2. d4 d5 3. Nc3 dxe4 4. Nxe4 Bf5 5. Ng3 Bg6 6. h4 h6 7. Nf3 Nd7 8. h5
Bh7 9. Bd3 Bxd3 10. Qxd3 e6 11. Bd2 Ngf6 12. O-O-O Be7 13. Qe2 c5 14. Rhe1 O-O
15. Nf5 Re8 16. Nxe7+ Qxe7 17. Kb1 Rac8 18. Bc1 cxd4 19. Nxd4 Rc5 20. g4 Re5 21.
Qf3 Qc5 22. c3 b5 23. Rg1 Rd5 24. Qg2 b4 25. Nb3 Qc4 26. cxb4 Qxb4 27. g5 Nxh5
28. Rxd5 exd5 29. Qh3 Nc5 30. Nxc5 Qxc5 31. Qxh5 Qxf2 32. Qd1 h5 33. Rh1 h4 34.
Qxd5 Rc8 35. a3 h3 36. Qd7 Qc2+ 37. Ka2 Qc4+ 38. b3 Qe2+ 39. Bb2 Rc2 40. Qd8+
Kh7 41. Rxh3+ Kg6 42. Qd4 1-0

[Event "e2e4 ch-IRL"]
[Site "Dublin IRL"]
[Date "2011.07.02"]
[Round "1"]
[White "Cafolla, Peter"]
[Black "Short, Philip"]
[Result "1/2-1/2"]
[BlackTitle "FM"]
[WhiteElo "2053"]
[BlackElo "2293"]
[Plycount "130"]
[WhiteFideId "2500884"]
[BlackFideId "2500086"]
[EventDate "2011.07.02"]
[Source "TWIC 870"]

1. d4 Nf6 2. c4 g6 3. Nc3 Bg7 4. e4 d6 5. Be2 O-O 6. Nf3 Nbd7 7. Qc2 e5 8. d5 c5
9. Bg5 h6 10. Bh4 a6 11. O-O Qe8 12. Ne1 Nh7 13. Qd1 Kh8 14. a3 Ng5 15. Rb1 Qe7
16. Kh1 f5 17. f3 Bf6 18. Bf2 f4 19. b4 Nf7 20. Nd3 b6 21. Qe1 g5 22. a4 a5 23.
bxc5 bxc5 24. Rb3 h5 25. Qd1 Rg8 26. Be1 Nf8 27. Nf2 Nh6 28. Nb5 g4 29. g3 Nh7
30. Rg1 fxg3 31. hxg3 gxf3 32. Bxf3 Ng4 33. Bxg4 Bxg4 34. Nxg4 Rxg4 35. Qe2 Bg5
36. Rf3 Nf6 37. Rgf1 Rxe4 38. Qh2 h4 39. Qc2 Qh7 40. g4 Rf4 41. Qxh7+ Kxh7 42.
Nxd6 Nxg4 43. Rxf4 Bxf4 44. Bxh4 Ne3 45. Rb1 Kg6 46. Rg1+ Kh5 47. Bf2 Ra6 48.
Bxe3 Bxe3 49. Re1 Bd4 50. Ne4 Kg4 51. Rf1 Ra8 52. Kg2 Rb8 53. Rf7 Be3 54. Nf6+
Kg5 55. Ne4+ Kg6 56. Rc7 Rb4 57. Kf3 Rb3 58. Ke2 Bd4 59. d6 Re3+ 60. Kd2 Rxe4
61. d7 Be3+ 62. Kd3 Rd4+ 63. Kxe3 Kf5 64. Rxc5 Rxd7 65. Rxa5 Rh7 1/2-1/2

[Event "e2e4 ch-IRL"]
[Site "Dublin IRL"]
[Date "2011.07.02"]
[Round "1"]
[White "Jones, Iolo C"]
[Black "Reynolds, Pat"]
[Result "1-0"]
[WhiteTitle "CM"]
[WhiteElo "2286"]
[BlackElo "2043"]
[Plycount "77"]
[WhiteFideId "1800094"]
[BlackFideId "2501392"]
[EventDate "2011.07.02"]
[Source "TWIC 870"]

1. d4 Nf6 2. Nf3 e6 3. g3 c5 4. Bg2 cxd4 5. Nxd4 Nc6 6. O-O a6 7. c4 Qc7 8. Nc2
Be7 9. b3 O-O 10. Bb2 b6 11. e4 d6 12. Ne3 Bb7 13. Nd2 Rfd8 14. Qe2 Rd7 15. Rac1
Qd8 16. f4 Rc8 17. f5 Qe8 18. Bh3 Nd8 19. Bd4 e5 20. Bxb6 Nc6 21. Nd5 Bd8 22.
Be3 Nd4 23. Qd3 Nxd5 24. exd5 f6 25. Bxd4 exd4 26. Rce1 Re7 27. Re6 Rxe6 28.
fxe6 Rb8 29. Ne4 Qe7 30. Bf5 h6 31. Bg6 Bc8 32. Bf7+ Kh8 33. Qf3 Qf8 34. Nf2 Rb7
35. Qh5 Rxf7 36. Qxf7 Be7 37. Qxf8+ Bxf8 38. e7 Bxe7 39. Re1 1-0